Estadísticas oficiales vr. percepción ciudadana de la inseguridad: el subregristro delictivo /

Đã lưu trong:
Chi tiết về thư mục
Tác giả chính: Ruiz Harrell, Rafael
Định dạng: Texto
Những chủ đề:
Các nhãn: Thêm thẻ
Không có thẻ, Là người đầu tiên thẻ bản ghi này!

MARC

LEADER 00000 a a2200000 04500
001 17293
003
040
100 |a Ruiz Harrell, Rafael  
245 |a Estadísticas oficiales vr. percepción ciudadana de la inseguridad:   |b el subregristro delictivo /  |c Rafael Ruiz Harrell 
650 |a DATOS ESTADISTICOS  
650 |a SEGURIDAD CIUDADANA  
650 |a MEXICO  
773 |g volumen 49 Edición Espe; páginas 141-143  
999 |c 29000  |d 29000